Yanagita Kunio Seitan Hyakunen Kinen Kokusai Shinpojūmu minzoku chōsa hōkokusho /
Disimpan dalam:
| Pengarang-pengarang Korporat: | , , |
|---|---|
| Format: | Buku |
| Bahasa: | Japanese |
| Diterbitkan: |
Tōkyō :
Yanagita Kunio Seitan Hyakunen Kinenkai,
Shōwa 51 [1976]
|
| Subjek-subjek: | |
| Penanda-penanda: |
Tambah Penanda
Tiada Penanda, Jadilah orang pertama menanda rekod ini!
|
| LEADER | 01901cam a2200397 a 4500 | ||
|---|---|---|---|
| 001 | 007718191-3 | ||
| 005 | 20024617115958.0 | ||
| 008 | 900329s1976 ja 000 0 jpn | ||
| 010 | |a 78801064 /J | ||
| 015 | |a Ja76-21945 | ||
| 035 | 0 | |a ocm21796029 | |
| 040 | |a DLC |c CaBVaU |d OCoLC |d CU |d *YNH* |d CStRLIN | ||
| 041 | 0 | |a jpn |b eng | |
| 043 | |a a-ja--- | ||
| 050 | 0 | |a GR340 |b .Y354 1975 | |
| 111 | 2 | |6 880-01 |a Yanagita Kunio Seitan Hyakunen Kinen Kokusai Shinpojūmu |d (1975 : |c Tokyo, Japan) | |
| 245 | 1 | 0 | |6 880-02 |a Yanagita Kunio Seitan Hyakunen Kinen Kokusai Shinpojūmu minzoku chōsa hōkokusho / |c Yanagita Kunio Seitan Hyakunen Kinenkai, Nihon Minzoku Gakkai hen] |
| 246 | 3 | |6 880-03 |a Kokusai shinpojūmu minzoku chōsa hōkokusho | |
| 246 | 1 | 5 | |a Proceedings of the Association Commemorating the Centenary of Yanagita Kunio's Birth |
| 260 | |6 880-04 |a Tōkyō : |b Yanagita Kunio Seitan Hyakunen Kinenkai, |c Shōwa 51 [1976] | ||
| 300 | |a 162 p., [5] leaves of plates : |b ill. ; |c 31 cm. | ||
| 546 | |a Summary in English. | ||
| 500 | |a Cover title. | ||
| 650 | 0 | |a Folklore |z Japan |x Congresses. | |
| 600 | 1 | 0 | |6 880-05 |a Yanagita, Kunio, |d 1875-1962 |x Congresses. |
| 710 | 2 | |6 880-06 |a Yanagita Kunio Seitan Hyakunen Kinenkai. | |
| 710 | 2 | |6 880-07 |a Nihon Minzoku Gakkai (Japan) | |
| 880 | 2 | |6 111-01 |a 柳田國男生誕百年記念国際シンポジウム |d (1975 : |c Tokyo, Japan) | |
| 880 | 1 | 0 | |6 245-02 |a 柳田國男生誕百年記念国際シンポジウム・民俗調查報告書 / |c [柳田国男生誕百年記念会, 日本民俗学会編] |
| 880 | 3 | |6 246-03 |a 国際シンポジウム・民俗調查報告書 | |
| 880 | |6 260-04 |a 東京 : |b 柳田国男生誕百年記念会, |c 昭和 51 [1976] | ||
| 880 | 1 | 0 | |6 600-05 |a 柳田国男, |d 1875-1962 |x Congresses. |
| 880 | 2 | |6 710-06 |a 柳田国男生誕百年記念会. | |
| 880 | 2 | |6 710-07 |a 日本民俗学会 (Japan) | |
| 988 | |a 20021214 | ||
| 906 | |0 DLC | ||


